000 00603nam a22001817a 4500
005 20250624115025.0
010 _aENG-145427
020 _a9789361638800
_c320.00
035 _aEN-128959
037 _bDBAD/PUB
082 _a363.7
_21
100 _aRangasami,shri
_982270
245 _aRESSustainable Practices For Natural Resource Managemaet and Agroforestry/
_cShri Rangasami...
260 _aTamil nadu
_bShanlax Publications
_c2024
270 _a61,66 T.P.K. Main Road,Vasantha Nagar,Madurai
_btamil nadu
_e625003
300 _a229p.
_c22cm(pbk)
942 _2ddc
_cEN
_h363.7
_mRAN
999 _c211914
_d211914